01243nam a2200253 i 450000100060000000300090000600500170001500700030003200800410003510000260007624501140010226000710021630000200028750503110030770000310061870000400064970000370068974000320072674000280075874000270078685200350081399900170084895201240086586208ES-MaACL20230906175410.0t|041209m19381940sp ||||1| spa d1 aKester, Roy B.96795610aContabilidad b: teoría y práctica / cRoy B. Kester ; traducido y adptadop de la 3ª ed. norteamericana. aBarcelona : b[s.n., c1938-1940] (fTall. Graf. Ibero-Americanos) a4 v. ; c23 cm.8 aContiene: V.I.: Principios de contabilidad / traducido por Angel Andany Sanz. -- V.II: Contabilidad superior / traducido por Orlando López-Hidalgo. -- V.III: Contabilidad aplicada / traducido por José Mª Andany Sanz. -- V.IV: Soluciones de los ejercicios prácticos / traducidos por Angel Andany Sanz1 aAndany Sanz, Angel.9214231 aAndany Sanz, José María.9214241 aLópez-Hidalgo, Orlando.9736990 aPrincipios de contabilidad.0 aConatabilidad superior.0 aContabilidad aplicada. aES-MaACLjF-15142-45 bR.18831 c86208d86208 00104070aATENEOMbATENEOMcSPP2d2008-01-17eSCl0oF-15142-45p1090077r2023-02-23 00:00:00w2023-02-23yMONOGRAFIA